Govt. of
Madhya Pradesh

Roots of Riots (Record no. 49317)

MARC details
000 -LEADER
fixed length control field 003600000a22001570004500
001 - CONTROL NUMBER
control field 000010
003 - CONTROL NUMBER IDENTIFIER
control field MACL
040 ## - CATALOGING SOURCE
Original cataloging agency MACL
090 ## - LOCALLY ASSIGNED LC-TYPE CALL NUMBER (OCLC); LOCAL CALL NUMBER (RLIN)
-- 10
-- 10
100 ## - MAIN ENTRY--PERSONAL NAME
Personal name Omprakash, S.
245 ## - TITLE STATEMENT
Title Roots of Riots
Remainder of title Essays In Community Psychology
Statement of responsibility, etc. S. Omprakash
260 ## - PUBLICATION, DISTRIBUTION, ETC. (IMPRINT)
Place of publication, distribution, etc. Kanishka Publications,
Date of publication, distribution, etc. 1997
350 ## - PRICE (NR) (BK AM CF MU VM SE) [OBSOLETE]
Price 425
650 ## - SUBJECT ADDED ENTRY--TOPICAL TERM
Topical term or geographic name as entry element Phychology
942 ## - ADDED ENTRY ELEMENTS (KOHA)
Call number prefix 150
Koha item type Library Membar

No items available.